| 000 | 00922nam a22002297a 4500 | ||
|---|---|---|---|
| 003 | URS | ||
| 005 | 20220913210903.0 | ||
| 008 | 220913b |||||||| |||| 00| 0 eng d | ||
| 100 |
_92604 _aCometa, Jaymark T. _eauthor |
||
| 245 |
_aRisk Assessment of Credit Cardholders of University of Rizal System Employees, Calendar Year 2018 _cJaymark T. Cometa, Kristine Joy R. Ison, Genen P. Martinez |
||
| 260 | _c2019 | ||
| 300 |
_axiv, 89 leaves _c28 cm |
||
| 336 |
_2rdacontent _atext |
||
| 337 |
_2rdamedia _aunmediated |
||
| 338 |
_2rdacarrier _avolume |
||
| 502 |
_aThesis _bBachelor of Science in Business Administration Major in Financial Management _cUniversity of Rizal System, Binangonan _d2019 |
||
| 504 | _aincludes bibliographical references | ||
| 700 |
_92605 _aIson, Kristine Joy R. _eauthor |
||
| 700 |
_91949 _aArabella B. Pabilonia, DBA _eadviser |
||
| 700 |
_92606 _aMartinez, Genen P. _eauthor |
||
| 942 |
_2lcc _cT |
||
| 999 |
_c58681 _d58681 |
||